The EUROPA world of learning 2020
Guardat en:
| Format: | Llibre |
|---|---|
| Idioma: | anglès |
| Publicat: |
Routledge
2019
|
| Etiquetes: |
Afegir etiqueta
Sense etiquetes, Sigues el primer a etiquetar aquest registre!
|
MARC
| LEADER | 00000nam a22000007a 4500 | ||
|---|---|---|---|
| 008 | 240424b |||||||| |||| 00| 0 eng d | ||
| 020 | |a 9780367281076 | ||
| 245 | |a The EUROPA world of learning 2020 |c /Europa Publications |g xi,3383p | ||
| 250 | |b 70th | ||
| 260 | |b Routledge |c 2019 |h London |i 701257 |l AS2.Eu7 |m Learned institutions and societies-Directories |m Academies and institutes |m Museums | ||
| 500 | |a vol 2 | ||
| 942 | |a lcc |c BK |e Johnson |f 24/04/24 | ||
| 952 | |0 0 |1 0 |2 lcc |4 0 |6 AS0002 E U7 |7 0 |9 5103 |a RF |b HOL |c AF |d 2024-04-24 |l 0 |o AS2.Eu7 |p 2024-0350 |r 2024-04-24 00:00:00 |t 701257 |w 2024-04-24 |y BK | ||
| 999 | |c 2534 |d 2534 | ||